000 00403pab a2200169 454500
008 180718b2007 xxu||||| |||| 00| 0 eng d
100 _aSharan, Shree Shankar
245 _aThe UP election
260 _c2007
300 _ap.31-34.
362 _a26 May
650 _aUttar Pradesh. Legislative assembly - Elections
650 _aElections
773 _aMainstream
908 _aN
909 _a73906
999 _c73906
_d73906